Participació i gent gran: els consells assessors els consells assessors
Descripción Física:
126 p. ; 21 cm
Colección:
Eines de treball social. Sèrie Gent Gran ; 2
MARC
| LEADER | 00000nam a2200000Ia 4500 | ||
|---|---|---|---|
| 001 | 11741 | ||
| 008 | 160829s1997 xx 000 0 cat d | ||
| 080 | |a S-1-79 | ||
| 245 | |a Participació i gent gran: |b els consells assessors | ||
| 260 | |a Barcelona : |b Diputació de Barcelona, |c 1997 | ||
| 300 | |a 126 p. ; |c 21 cm | ||
| 490 | |a Eines de treball social. Sèrie Gent Gran ; 2 | ||
| 650 | |a Participació social |x Europa |9 21950 | ||
| 650 | |a Vellesa |x Aspectes socials |x Europa |9 21951 | ||
| 710 | 1 | |a Barcelona (Catalunya : Província). |b Diputació |9 52408 | |
| 901 | |a Arxiu | ||
| 942 | |n 1 | ||
| 952 | |0 0 |1 0 |4 0 |6 S179 |7 1 |9 41958 |a Arxiu |b Arxiu |d 2016-12-01 |l 0 |o S-1-79 |p 11741 |r 2016-12-01 00:00:00 |w 2016-12-01 |y ARXIU | ||
| 999 | |c 44405 |d 44405 | ||